000 00892nam a22001937a 4500
999 _c62045
_d62045
003 Ge_BSU
005 20240627104718.0
008 240627s1955 ge ||||| |||| 00| 0 geo d
041 _ageo
080 _a616-036.88 მ-45
100 _aმგალობლიშვილი, ე.
_922602
245 _aუეცარი სიკვდილის მიზეზები და მათი თავიდან აცილების პირობები /
_cე. მგალობლიშვილი; რედ. ა. პერტია.
264 _aბათუმი :
_bსახელგამი,
_c1955.
300 _a120 გვ. :
_bილ. ;
_c18 სმ.
653 _aუეცარი სიკვდილი
653 _aმედიცინა
700 _aპერტია, ა.
_eრედაქტორი
_922603
942 _2udc
_cᲬᲘᲒᲜᲘ